MARC

LEADER 00000nam0a2200000 4500
001 112375
005 20231031121432.0
010 |a 5763904494 
020 |a RU  |b 92-6166 
035 |a (RuTPU)RU\TPU\book\121497 
090 |a 112375 
100 |a 20070327d1992 m y0rusy5003 ca 
101 0 |a rus 
102 |a RU 
105 |a a z 001ay 
200 1 |a Окаянные дни  |e [Сборник]  |f И. А. Бунин  |g авт. предисл. О. Н. Михайлов и С. Крыжицкий; худож. И. А. Цыганков 
210 |a Тула  |c Приокское кн. изд-во  |d 1992 
215 |a 319 с., [1] л. портр.  |c ил.  |d 22 см 
225 1 |a Отчий край 
320 |a Библиогр. в примеч.: с. 308-318 
600 1 |a Бунин  |g Иван Алексеевич  |b И. А.  |c русский писатель  |f 1870-1953  |2 stltpush  |3 (RuTPU)RU\TPU\pers\99 
610 1 |a русская литература 
610 1 |a иностранная интервенция 
610 1 |a гражданская война 
610 1 |a СССР 
610 1 |a интеллигенция 
610 1 |a Россия 
675 |a Р1  |z rus  |v 3 
700 1 |a Бунин  |b И. А.  |c русский писатель  |f 1870-1953  |g Иван Алексеевич  |2 stltpush  |3 (RuTPU)RU\TPU\pers\99 
702 1 |a Михайлов  |b О. Н.  |4 080 
702 1 |a Крыжицкий  |b С.  |4 080 
702 1 |a Цыганков  |b И. А.  |4 440 
801 0 |a RU  |b RuMRKP  |c 19950417  |g psbo 
801 1 |a RU  |b 63413507  |c 20070327  |g PSBO 
801 2 |a RU  |b 63413507  |c 20070413  |g PSBO 
942 |c BK